000 00683nam a2200241Ia 4500
003 OSt
005 20220927105428.0
006 a|||||r|||| 00| 0
007 ta
008 220926b |||||||| |||| 00| 0 eng d
024 _a172580
037 _cReference Collections
040 _aRTL
_cRTL
_beng
041 _2eng
_aeng
082 _a"V2,31p. N82, M2.122-2"
110 _a"INDIA, RAJYA SABHA."
_9372412
245 0 _aOfficial report.
260 _aNew
_bDelhi Rajya sabha secretariat.
_c1982
300 _a366p.
_ccm.
700 _a"INDIA, RAJYA SABHA."
_9372413
942 _h"V2,31p. N82, M2.122-2"
_cCC
999 _c692483
_d692483